| 000 | 01229nam1a22002771i 4500 | ||
|---|---|---|---|
| 001 | rc\3197017 | ||
| 005 | 20260407075858.0 | ||
| 021 |
_aRU _b77-ОКЭ-161/6 |
||
| 021 |
_aRU _b77-ОКЭ-161/5 |
||
| 021 |
_aRU _bРг13309-77 |
||
| 021 |
_aRU _b77-ОКЭ-161/4 |
||
| 035 | _a(NLR Aleph) 007343332 | ||
| 090 |
_a6132389 _c6132389 |
||
| 100 | _a20120628g1976 |||y0rusy50 ca | ||
| 101 | 0 | _arus | |
| 102 | _aRU | ||
| 105 | _a z ||||| | ||
| 200 | 1 |
_aМетодическая разработка по курсу "Методы регистрации излучений" _fМ-во высш. и сред. спец. образ. СССР. Моск. инж.-физ. ин-т. Кафедра "Эксперим. методы ядерной физики". Лаб. "Методов регистрации излучений" |
|
| 210 |
_aМосква _cБ. и. _d1976- |
||
| 215 | _d20 | ||
| 532 | 1 | 3 | _aМетодическая разработка по курсу Методы регистрации излучений |
| 712 | 0 | 2 |
_aМосковский инженерно-физический институт _3RU\NLR\AUTH\884570 _9280679 |
| 801 | 0 |
_aRU _bNLR _gpsbo |
|
| 801 | 1 |
_aRU _bELAR _2rusmarc |
|
| 852 |
_aNLR _j77-4/26008 |
||
| 942 | _cBOOK | ||